Question |
Answer |
Wrong Answers |
Un seul de ces joueurs n'est PAS passé par l'Ajax Amsterdam durant sa carrière. Lequel ? |
Eidur Gudjohnsen | | 71.8% |
Zlatan Ibrahimovic | | 5.3% |
Michael Laudrup | | 11.8% |
Christian Eriksen | | 8.2% |
|
Avant sa qualification pour l'Euro 2021, combien de fois la Finlande s'était-elle qualifiée pour un Euro ou une Coupe du Monde ? |
0 | | 65.3% |
|
De quelle particularité la sélection norvégienne peut-elle se vanter ? |
Elle est la seule sélection au monde à avoir joué contre le Brésil sans jamais perdre | | 58.8% |
Elle s'est qualifiée pour les 1/8e de finale à chaque Coupe du Monde qu'elle a disputée | | 18.8% |
Elle n'a jamais encaissé le moindre but contre l'Angleterre | | 7.6% |
Elle détient le record du nombre de buts marqués par un sélection en une mi-temps | | 13.5% |
|
Combien d'équipes composent la 1ère division islandaise ? |
12 | | 56.5% |
|
Dans quelle ville danoise est basé le club de Midtjylland ? |
Herning | | 48.8% |
Copenhague | | 15.3% |
Farum | | 15.3% |
Aarhus | | 20.6% |
|
Laquelle de ces affirmations sur le Danemark Champion d'Europe 1992 est FAUSSE ? |
il ne doit sa participation à cet Euro qu'au forfait de l'URSS, dissoute quelques mois plus tôt | | 48.2% |
il avait démarré sa compétition par un nul contre l'Angleterre et une défaite contre la Suède | | 12.9% |
sa star, Michael Laudrup, ne participe pas à l'Euro suite à une brouille avec son sélectionneur | | 17.6% |
il élimine les 3 derniers vainqueurs : la France, les Pays-Bas, l'Allemagne | | 18.8% |
|
Quel club est le plus titré en 1ère division suédoise ? |
Malmö FF | | 48.2% |
Örgryte IS | | 1.2% |
IFK Norrköping | | 3.5% |
IFK Göteborg | | 44.1% |
|
En septembre 2010, Sepp Blatter, alors président de la FIFA, se rend au Groenland pour : |
y inaugurer le premier terrain en gazon synthétique de l'île | | 44.1% |
officialiser l'admission du Groenland à la FIFA | | 35.9% |
assister à un match sur fond de polémique entre le Groenland et le Tibet | | 8.8% |
une croisière de pêche à titre privé qu'il termine coincé dans les glaces avec son bateau et ses invités | | 9.4% |
|
Avec la Suède 'A', Zlatan Ibrahimovic compte : |
62 buts en 116 sélections | | 43.5% |
71 buts en 125 sélections | | 21.2% |
54 buts en 110 sélections | | 22.4% |
51 buts en 102 sélections | | 12.4% |
|
Lequel de ces clubs est situé le plus au nord ? |
Tromsø IL (Norvège) | | 43.5% |
RoPS Rovaniemi (Finlande) | | 22.4% |
Østersunds FK (Suède) | | 5.3% |
Valur (Islande) | | 25.9% |
|
Qui sont les deux buteurs islandais du 1/4 de finale France - Islande (5-2) à l'Euro 2016 ? |
Kolbeinn Sigþórsson et Birkir Bjarnason | | 42.4% |
Gylfi Sigurðsson et Jóhann Berg Guðmundsson | | 20% |
Ragnar Sigurðsson et Jón Daði Böðvarsson | | 13.5% |
Gylfi Sigurðsson et Alfreð Finnbogason | | 22.9% |
|
En Suède, comment surnomme-t-on le derby entre l'AIK Solna et Djurgården ? |
le Derby des Jumeaux | | 40.6% |
le Derby de Suède | | 13.5% |
le Derby de Glace | | 20.6% |
le Derby des Pionniers | | 25.3% |
|
Laquelle de ces légendes compte le plus de sélections pour son pays ? |
Jari Litmanen | | 37.1% |
Henrik Larsson | | 22.4% |
Ole Gunnar Solskjaer | | 5.3% |
Eidur Gudjohnsen | | 32.9% |
|
Dans lequel de ces clubs, Freddie Ljungberg n'a-t-il PAS joué ? |
Al Nassr Riyad | | 35.3% |
Mumbai City FC | | 15.3% |
Shimizu S-Pulse | | 34.1% |
Seattle Sounders | | 13.5% |
|
Lorsqu'il est transféré, à 16 ans, de Strømsgodset au Real Madrid en janvier 2015, combien de matchs de 1ère division norvégienne Martin Ødegaard a-t-il joués ? |
23 | | 35.3% |
|
Martin Braithwaite s'est engagé au FC Barcelone cet hiver. Avant lui, combien d'autres Danois ont évolué dans le club catalan ? |
4 | | 33.5% |
|
Combien de buts Teemu Pukki a-t-il marqués pour la Finlande lors des 10 matchs éliminatoires de l'Euro 2021 ? |
10 | | 28.2% |
|
Lequel de ces joueurs a inscrit le plus de buts en Ligue 1 ? (coupes non prises en compte) |
Martin Braithwaite (Toulouse puis Bordeaux) | | 25.9% |
Alexander Farnerud (Strasbourg) | | 6.5% |
Ola Toivonen (Rennes puis Toulouse) | | 21.2% |
Kim Källström (Rennes puis OL) | | 43.5% |
|
Au 1er janvier 2020, sur les 10 derniers championnats de Norvège, combien Rosenborg en a-t-il gagnés ? |
5 | | 24.1% |
|
La plus large victoire du Danemark date des JO 1908... face à la France. Quel était le score final du match ? |
17 - 1 | | 22.9% |
9 - 0 | | 23.5% |
11 - 2 | | 40% |
14 - 0 | | 11.2% |
|
Comments